Универсальная система поиска попутчиков; Ресурсоэффективным технологиям - энергию и энтузиазм молодых

Dades bibliogràfiques
Parent link:Ресурсоэффективным технологиям - энергию и энтузиазм молодых.— 2013.— [С. 222-223]
Altres autors: Трофимов А. А. Алексей Андреевич, Исаев С. В., Груздев Д. С. Дмитрий Сергеевич, Нефедов В. С.
Sumari:Заглавие с титульного листа
Idioma:rus
Publicat: 2013
Col·lecció:Инициативные проекты
Matèries:
Accés en línia:http://www.lib.tpu.ru/fulltext/c/2013/C08/105.pdf
Format: MixedMaterials Electrònic Capítol de llibre
KOHA link:https://koha.lib.tpu.ru/cgi-bin/koha/opac-detail.pl?biblionumber=241255

MARC

LEADER 00000naa2a2200000 4500
001 241255
005 20251215164601.0
035 |a (RuTPU)RU\TPU\book\262522 
035 |a RU\TPU\book\262505 
090 |a 241255 
100 |a 20130708d2013 k y0rusy50 ca 
101 0 |a rus 
102 |a RU 
135 |a drcn ---uucaa 
200 1 |a Универсальная система поиска попутчиков  |f А. А. Трофимов, С. В. Исаев, Д. С. Груздев, В. С. Нефедов 
215 |a 1 файл(413 Кб) 
225 1 |a Инициативные проекты 
300 |a Заглавие с титульного листа 
337 |a Adobe Reader 
463 1 |0 (RuTPU)RU\TPU\book\260564  |t Ресурсоэффективным технологиям - энергию и энтузиазм молодых  |o сборник докладов IV Университетской конференции студентов Элитного технического образования, г. Томск, 24 -27 апреля 2013 г.  |f Национальный исследовательский Томский политехнический университет (ТПУ)  |v [С. 222-223]  |d 2013 
610 1 |a труды учёных ТПУ 
610 1 |a электронный ресурс 
610 1 |a универсальные системы 
610 1 |a поиск 
610 1 |a попутчики 
701 1 |a Трофимов  |b А. А.  |g Алексей Андреевич 
701 1 |a Исаев  |b С. В. 
701 1 |a Груздев  |b Д. С.  |g Дмитрий Сергеевич 
701 1 |a Нефедов  |b В. С. 
801 1 |a RU  |b 63413507  |c 20130205 
801 2 |a RU  |b 63413507  |c 20220329  |g RCR 
856 4 |u http://www.lib.tpu.ru/fulltext/c/2013/C08/105.pdf 
942 |c CF